000 00975nam0a22003251 4500
001 RU\NLR\A1SV\25792
005 20251203171251.9
035 _a(NLR Aleph) 009710118
090 _a9829191
_c9829191
100 _a19800808d1918 u y0rusy50 ca
101 0 _arus
102 _aRU
200 1 _aПролетарствующие
_eПовесть конца 1917 и начала 1918 г.
_fДм. Грейцер
210 _aПг.
_cТип. "Спорт и фавориты"
_d1918 (обл. 1919)
215 _a94 с.
_d13 см
300 _aНа обл.: 18 Гос. тип.
620 _dСанкт-Петербург
700 1 _aГрейцер
_bД.Я.
_gДмитрий Яковлевич
_4070
801 0 _aRU
_bNLR
_c19800808
852 _aNLR
_j37.75.8.21
852 _aNLR
_j128/1201
899 _aГПИБ
899 _aГОПБ
899 _aРГБ
899 _aРКП
899 _aСамОУНБ
942 _cBOOK
980 _aNB
980 _aA1SV